Adoption of intercropping wit jackfruit by the farmers of Bhaluka upazilla under Mymenshing district / (Record no. 9454)

MARC details
000 -LEADER
fixed length control field 01256nam a22002657a 4500
001 - CONTROL NUMBER
control field BD-DhSAU 9454
003 - CONTROL NUMBER IDENTIFIER
control field BD-DhSAU
005 - DATE AND TIME OF LATEST TRANSACTION
control field 20190804102944.0
008 - FIXED-LENGTH DATA ELEMENTS--GENERAL INFORMATION
fixed length control field 150613b2013 bg a|||| m||| 00| 0 eng d
040 ## - CATALOGING SOURCE
Original cataloging agency BD-DhSAU
082 ## - DEWEY DECIMAL CLASSIFICATION NUMBER
Edition number 22
Classification number 630.715
Item number H7949
100 ## - MAIN ENTRY--PERSONAL NAME
Personal name Hossen, Md Mosharraf
Relator term Registration # 05-1739
245 ## - TITLE STATEMENT
Title Adoption of intercropping wit jackfruit by the farmers of Bhaluka upazilla under Mymenshing district /
Remainder of title MS thesis
Statement of responsibility, etc. Md Mosharraf Hossen,
260 ## - PUBLICATION, DISTRIBUTION, ETC. (IMPRINT)
Place of publication, distribution, etc. Sher-e-Bangla Agricultural University :
Name of publisher, distributor, etc. Department of Agricultural Extension & Information System,
Date of publication, distribution, etc. 2013.
300 ## - PHYSICAL DESCRIPTION
Extent 84 p. :
Other physical details ill. ;
Dimensions 30 cm.
500 ## - GENERAL NOTE
General note MS thesis of Department of Agricultural Extension & Information System, Faculty of Agriculture, Sher-e-Bangla Agricultural University, Dhaka, Bangladesh
504 ## - BIBLIOGRAPHY, ETC. NOTE
Bibliography, etc Includes bibliographical reference.
590 ## - Name of Cataloguer
Name of Cataloger erfat
650 ## - SUBJECT ADDED ENTRY--TOPICAL TERM
Topical term or geographic name as entry element Agricultural Extension & Information System
650 ## - SUBJECT ADDED ENTRY--TOPICAL TERM
Topical term or geographic name as entry element Adoption of intercropping wit jackfruit by the farmers
Geographic subdivision Bhaluka upazilla under Mymenshing district
700 ## - ADDED ENTRY--PERSONAL NAME
Personal name Bhyiyan, Mohammad Hossain
Relator term Superviser
700 ## - ADDED ENTRY--PERSONAL NAME
Personal name Ulla, Md Shadat
Relator term Co-superviser
856 ## - ELECTRONIC LOCATION AND ACCESS
Uniform Resource Identifier <a href="http://10.10.0.126:8080/xmlui/handle/123456789/2550">http://10.10.0.126:8080/xmlui/handle/123456789/2550</a>
942 ## - ADDED ENTRY ELEMENTS (KOHA)
Source of classification or shelving scheme Dewey Decimal Classification
Koha item type MS Level Thesis
Holdings
Withdrawn status Lost status Source of classification or shelving scheme Damaged status Not for loan Collection code Home library Branch Name Shelving location Date acquired Total Checkouts Full call number Barcode Date last seen Price effective from Koha item type
    Dewey Decimal Classification   Not For Loan Reference SAU Library SAU Library Reference 19/06/2015   630.715 H7949 38692 19/06/2015 19/06/2015 MS Level Thesis